[Event "Asuncion Bobby Fischer U2000"]
[Site "Asuncion"]
[Date "2018.02.18"]
[Round "7.5"]
[White "Benitez, Raul Ivan"]
[Black "Lugo, Manuel"]
[Result "1-0"]
[WhiteElo "1398"]
[BlackElo "1601"]
[PlyCount "41"]
[EventDate "2018.02.15"]
[EventType "swiss"]
[EventRounds "7"]
[EventCountry "PAR"]
[SourceTitle "EXT 2023"]
[Source "ChessBase"]
[SourceDate "2022.10.05"]
[SourceVersion "1"]
[SourceVersionDate "2022.10.05"]
[SourceQuality "1"]

1. e4 e6 2. d4 d5 3. e5 c5 4. c3 Qb6 5. Nf3 Bd7 6. a3 Bb5 7. Bxb5+ Qxb5 8. b4 cxb4 9. axb4 Nc6 10. Na3 Qb6 11. 0-0 Nge7 12. Bd2 Nf5 13. Qe2 Be7 14. g4 Bxb4 15. gxf5 Be7 16. Rfb1 Qd8 17. Rxb7 exf5 18. Nb5 Qc8 19. Nd6+ Bxd6 20. exd6+ Kd8 21. Rc7 1-0